[Event "XXV OOM - Mistrzostwa Polski Juniorow Mlodszych - Dziewczeta do lat 14"]
[Site "Sielpia"]
[Date "1899-12-30"]
[Round "2.22"]
[White "Reszka, Zofia"]
[Black "Czerwinska, Oliwia"]
[Result "1-0"]
[WhiteTitle "I"]
[BlackTitle "I"]
[WhiteElo "1199"]
[BlackElo "1303"]

1. e4 e5 2. Nf3 Nc6 3. Nc3 Nf6 4. d4 exd4 5. Nxd4 Bb4 6. Nxc6 Bxc3+ 7. bxc3 bxc6
8. Qf3 Qe7 9. Bd3 O-O 10. O-O Qe5 11. Bf4 Qxc3 12. Bxc7 Qd4 13. Bf4 d5 14. e5
Ne4 15. Bxe4 Qxe4 16. Qxe4 dxe4 17. Rfe1 Bf5 18. Rad1 Rfd8 19. Rd6 Rxd6 20. exd6
Rd8 21. h3 f6 22. g4 Bg6 23. Rd1 Rd7 24. Rd4 f5 25. Rc4 fxg4 26. hxg4 Bf7 27.
Rxc6 Bxa2 28. Rc5 Be6 29. g5 Kf7 30. Kf1 Bg4 31. Ke1 Bf3 32. Kd2 Ke6 33. Ra5 Rb7
34. Ke3 Kd7 35. c4 Kc6 36. Kd4 Rd7 37. Ke5 Kb6 38. Rb5+ Kc6 39. Kd4 a6 40. Rb3
Ra7 41. c5 Kd7 42. Rb6 e3 43. fxe3 Bc6 44. e4 Bb5 45. Kd5 Ra8 46. c6+ Kd8 47.
e5 Be2 48. e6 Bg4 49. c7+ Ke8 50. Rb8+ Rxb8 51. cxb8=Q# 1-0

[Event "XXV OOM - Mistrzostwa Polski Juniorow Mlodszych - Dziewczeta do lat 14"]
[Site "Sielpia"]
[Date "1899-12-30"]
[Round "2.23"]
[White "Szczotka, Matylda"]
[Black "Bychowska, Marta"]
[Result "0-1"]
[WhiteTitle "I"]
[BlackTitle "II"]
[WhiteElo "1301"]
[BlackElo "1235"]

1. e4 c5 2. Nc3 d6 3. d4 cxd4 4. Qxd4 a6 5. b3 Nc6 6. Qd2 Nf6 7. Bb2 e5 8. O-O-O
b5 9. f3 Be6 10. Kb1 Be7 11. Nge2 Qd7 12. h3 Rd8 13. Nd5 Bxd5 14. exd5 Na7 15.
g4 Qc7 16. Ng3 g6 17. Bg2 Rc8 18. Rc1 a5 19. Rhe1 Nd7 20. f4 Rg8 21. Qe2 f6 22.
f5 g5 23. Rh1 a4 24. h4 h6 25. hxg5 hxg5 26. Rh6 axb3 27. cxb3 Qb6 28. Rxc8+ Nxc8
29. Qe1 Bf8 30. Rg6 Ne7 31. Rxg8 Nxg8 32. Ne2 Qe3 33. Qf1 Qd3+ 34. Ka1 Nb6 35.
Qf3 Qd1+ 36. Nc1 Qxf3 37. Bxf3 Ne7 38. Be2 b4 39. Nd3 Nexd5 40. Bc1 Nc3 41. Bf1
d5 42. Bd2 Kd7 43. Kb2 d4 44. Bxc3 bxc3+ 45. Kc2 Nd5 46. Be2 Ne3+ 47. Kb1 Ba3
48. Ne1 e4 49. Nc2 Nxc2 50. Kxc2 Kd6 51. Bf1 Ke5 52. Bg2 Kf4 53. Kd1 d3 54. Bh1
c2+ 55. Ke1 c1=Q+ 56. Kf2 Bc5+ 57. Kg2 Qg1+ 58. Kh3 Qg3# 0-1

[Event "XXV OOM - Mistrzostwa Polski Juniorow Mlodszych - Dziewczeta do lat 14"]
[Site "Sielpia"]
[Date "1899-12-30"]
[Round "2.24"]
[White "Kaznowska, Kinga"]
[Black "Skolska, Emilia"]
[Result "0-1"]
[WhiteTitle "II+"]
[BlackTitle "I"]
[WhiteElo "1037"]
[BlackElo "1300"]

1. e4 e5 2. Nf3 Nc6 3. Bb5 a6 4. Ba4 d6 5. c3 Nf6 6. d4 b5 7. d5 bxa4 8. Qxa4 Nxe4
9. Qxe4 Ne7 10. Nxe5 Bf5 11. Qa4+ Bd7 12. Qxd7+ Qxd7 13. Nxd7 Kxd7 14. c4 a5 15.
Nc3 Nf5 16. O-O Be7 17. b3 Bf6 18. Bb2 Rhe8 19. Rfe1 Nd4 20. Rac1 Nc2 21. Rxe8
Rxe8 22. Kf1 Nb4 23. Re1 Rxe1+ 24. Kxe1 Nd3+ 25. Ke2 Nxb2 26. Ne4 Be5 27. h3 h6
28. Kd2 g6 29. Kc2 c6 30. dxc6+ Kxc6 31. f4 Bg7 32. g4 d5 33. cxd5+ Kxd5 34. Nd2
Bf6 35. h4 Bg7 36. Nc4 Nxc4 37. bxc4+ Kxc4 38. a3 Kd4 39. Kb3 Ke4 40. Ka4 Bc3
41. Kb3 Be1 42. Ka4 Kxf4 43. g5 hxg5 44. hxg5 Kxg5 45. Kb3 f5 46. Kc2 f4 47. Kd1
Bb4 48. axb4 axb4 49. Kd2 b3 50. Kc3 f3 51. Kxb3 f2 52. Kc2 f1=Q 53. Kd2 Qc4 54.
Ke1 Qc2 55. Kf1 Kf4 56. Kg1 Kg3 57. Kh1 Qd1# 0-1

[Event "XXV OOM - Mistrzostwa Polski Juniorow Mlodszych - Dziewczeta do lat 14"]
[Site "Sielpia"]
[Date "1899-12-30"]
[Round "2.25"]
[White "Hals, Emilia"]
[Black "Sivickis, Kornelia"]
[Result "1-0"]
[WhiteTitle "I"]
[BlackTitle "I"]
[WhiteElo "1293"]
[BlackElo "1209"]

1. e4 c5 2. Nf3 e6 3. c3 Qc7 4. d4 cxd4 5. cxd4 a6 6. Nc3 d6 7. Bf4 Nc6 8. d5 e5
9. Be3 Na7 10. Rc1 Qd8 11. Qb3 Qd7 12. Na4 Qe7 13. Bxa7 Bg4 14. Nb6 Rd8 15. Qa4+
Bd7 16. Nxd7 Qxd7 17. Qxd7+ Rxd7 18. Bb6 Ke7 19. Bd3 Nf6 20. O-O g6 21. Rc8 Bg7
22. Rfc1 Re8 23. Rxe8+ Kxe8 24. Bc2 Bh6 25. Rd1 Kf8 26. Ba4 Re7 27. Bd8 Nxe4 28.
Bxe7+ Kxe7 29. Bc2 Nc5 30. Nd2 Nd7 31. Nc4 Nc5 32. b4 Nd7 33. Na5 b6 34. Nc6+
Ke8 35. Bd3 b5 36. Bc2 Bg5 37. a4 Nb6 38. axb5 axb5 39. Na7 Nc4 40. Nxb5 Kd7 41.
Ra1 Nb6 42. Ra7+ Ke8 43. Nxd6+ Kd8 44. Nxf7+ Kc8 45. Nxg5 Nxd5 46. Nxh7 Nxb4 47.
Bxg6 Nc6 48. Ra8+ Kb7 49. Be4 Kxa8 50. Bxc6+ Kb8 51. h4 Kc7 52. Bd5 Kd6 53. Nf6
Ke7 54. Ng4 e4 55. Bxe4 Kf8 56. Kh2 Kg7 57. f4 Kg8 58. Kg3 Kg7 59. h5 Kg8 60.
Kh4 Kg7 61. Kg5 Kg8 62. f5 Kg7 63. h6+ Kg8 64. Kg6 Kh8 65. f6 Kg8 66. f7+ Kf8
67. h7 Ke7 68. h8=Q Kd6 69. Qd4+ Kc7 70. Qd5 Kb6 71. Qc6+ Ka5 72. Qb7 Ka4 73.
f8=R Ka3 74. Ra8# 1-0

[Event "XXV OOM - Mistrzostwa Polski Juniorow Mlodszych - Dziewczeta do lat 14"]
[Site "Sielpia"]
[Date "1899-12-30"]
[Round "2.26"]
[White "Lajdamik, Anna"]
[Black "Szewc, Dobromila"]
[Result "1-0"]
[WhiteTitle "I"]
[BlackTitle "I"]
[WhiteElo "1279"]
[BlackElo "1036"]

1. e4 e5 2. Nf3 Nc6 3. d4 exd4 4. c3 dxc3 5. Nxc3 Nf6 6. e5 Qe7 7. Qe2 Ng4 8. Nd5
Qd8 9. h3 Nh6 10. Bxh6 gxh6 11. Nf6+ Ke7 12. Qe4 Bg7 13. Bc4 d6 14. exd6+ Kxf6
15. Qh4+ Kg6 16. Qh5+ Kf6 17. Qxf7# 1-0

[Event "XXV OOM - Mistrzostwa Polski Juniorow Mlodszych - Dziewczeta do lat 14"]
[Site "Sielpia"]
[Date "1899-12-30"]
[Round "3.1"]
[White "Wikar, Martyna"]
[Black "Krzyzosiak, Marta"]
[Result "1-0"]
[WhiteTitle "k"]
[BlackTitle "I++"]
[WhiteElo "2044"]
[BlackElo "1626"]

1. d4 Nf6 2. Nc3 d5 3. Bf4 Bf5 4. Nf3 e6 5. Nb5 Na6 6. a3 c6 7. Nc3 Be7 8. e3 Nc7
9. Ne5 O-O 10. Bd3 Bxd3 11. Qxd3 c5 12. h3 Rc8 13. O-O h6 14. Rad1 Nce8 15. Qe2
cxd4 16. exd4 Nd6 17. Rd3 Qb6 18. Bc1 Rfd8 19. Rfd1 Nde4 20. Nxe4 Nxe4 21. Qh5
Bg5 22. Qxf7+ Kh8 23. Qg6 Bxc1 24. Nf7+ Kg8 25. Rxc1 Rd7 26. Nxh6+ Kh8 27. Nf7+
Kg8 28. Rf3 Qc7 29. Ne5 Re7 30. Rf4 Rf8 31. Rxf8+ Kxf8 32. Qh7 Re8 33. f3 Nf6
34. Qh8+ Ng8 35. f4 Rc8 36. f5 exf5 37. Rf1 Qxc2 38. g4 Ke8 39. Qxg8+ 1-0

[Event "XXV OOM - Mistrzostwa Polski Juniorow Mlodszych - Dziewczeta do lat 14"]
[Site "Sielpia"]
[Date "1899-12-30"]
[Round "3.2"]
[White "Mezykowska, Emilia"]
[Black "Rejniak, Zuzanna"]
[Result "1/2-1/2"]
[WhiteTitle "I"]
[BlackTitle "k"]
[WhiteElo "1579"]
[BlackElo "1904"]

1. e4 c5 2. Nf3 d6 3. c3 Nf6 4. h3 Nc6 5. Bd3 d5 6. exd5 Nxd5 7. Bc2 e6 8. d4 cxd4
9. Nxd4 Bd7 10. O-O Bc5 11. Nxc6 Bxc6 12. Nd2 Nf6 13. Nb3 Bb6 14. Bg5 Qd5 15.
Qxd5 Bxd5 16. Rfe1 h6 17. Be3 Bxe3 18. Rxe3 g5 19. Nc5 O-O-O 20. Ne4 Nxe4 21.
Bxe4 Bxe4 22. Rxe4 Rd2 23. Rb1 Rhd8 24. Kf1 Rc2 25. Re2 Rdd2 26. Rxd2 Rxd2 27.
Ke1 Rc2 28. g3 Kc7 29. Kf1 f5 30. a3 e5 31. Re1 Kd6 32. Re2 Rc1+ 33. Re1 Rxe1+
34. Kxe1 e4 35. Ke2 f4 36. b3 Kc5 37. h4 a5 38. hxg5 hxg5 39. gxf4 gxf4 40. a4
b5 41. axb5 Kxb5 42. Kd2 a4 43. c4+ Kc5 44. bxa4 Kxc4 45. a5 Kb5 46. Kc3 Kxa5
47. Kd4 e3 48. Kd3 exf2 49. Ke2 f1=Q+ 50. Kxf1 Kb4 51. Kf2 Kc4 52. Kf3 Kd4 53.
Kxf4 1/2-1/2

[Event "XXV OOM - Mistrzostwa Polski Juniorow Mlodszych - Dziewczeta do lat 14"]
[Site "Sielpia"]
[Date "1899-12-30"]
[Round "3.3"]
[White "Goraj, Barbara"]
[Black "Lukasik, Zuzanna"]
[Result "1/2-1/2"]
[WhiteTitle "I++"]
[BlackTitle "I++"]
[WhiteElo "1824"]
[BlackElo "1618"]

1. e4 c5 2. Nf3 e6 3. d4 cxd4 4. Nxd4 a6 5. Bd3 Nf6 6. O-O d6 7. Qe2 g6 8. c4 Bg7
9. Nf3 Nc6 10. Nc3 O-O 11. Bf4 Qe7 12. Rfd1 Rd8 13. Na4 Ne8 14. Nb6 Rb8 15. Rac1
Nd4 16. Nxd4 Bxd4 17. Be3 Bc5 18. Rc3 Qc7 19. Na4 Bxe3 20. Qxe3 Bd7 21. Nb6 Bc6
22. Bb1 Qe7 23. f3 Nf6 24. Rcd3 Nd7 25. Nxd7 Rxd7 26. Bc2 b5 27. cxb5 Bxb5 28.
Rd4 Rc8 29. Bb3 Rcd8 30. g3 Rc7 31. Qd2 Rcd7 32. a4 Bc6 33. Qe2 a5 34. Qc2 Bb7
35. Qd2 Qf6 36. Kg2 Qe5 37. Bc4 Bc6 38. b3 Qc5 39. Be2 d5 40. Rc1 Qb6 41. Rxc6
Qxc6 42. Bb5 Qc5 43. Bxd7 Rxd7 44. h4 Kg7 45. Kh2 Rd6 46. Kh3 Rd7 47. Kg2 Rd6
48. Kf1 Rd7 49. Ke2 Rd6 50. Qb2 f6 51. Qd2 Rd7 52. Kf1 Rd6 53. Kg2 Rd7 54. Kh2
Rd6 55. Kg2 Rd8 56. g4 h6 57. Kf1 Rd6 58. Kg2 Rd8 59. f4 Rd7 60. f5 exf5 61. gxf5
gxf5 62. Rxd5 Rxd5 63. exd5 Kf7 64. Qd3 Ke7 65. Qxf5 Kd6 66. Qe6+ Kc7 67. Qf7+
Kd6 68. Qe6+ Kc7 69. Qf7+ Kd6 70. Qxf6+ Kxd5 71. Qf5+ Kd4 72. Qf2+ Kd5 73. Qd2+
Ke5 74. Qxh6 Qc2+ 75. Kf3 Qd1+ 76. Kf2 Qc2+ 77. Ke1 Qe4+ 78. Kd2 Qg2+ 79. Kc1
Qf1+ 80. Kc2 Qf5+ 81. Kb2 Qf2+ 82. Kc3 Qd4+ 83. Kc2 Qe4+ 84. Kd2 Qg2+ 85. Kc1
Qf1+ 86. Kc2 Qf5+ 87. Kc3 Qf3+ 88. Kd2 Qg2+ 89. Kd3 Qe4+ 90. Kd2 Qg2+ 91. Ke1
Qg1+ 92. Ke2 Qg2+ 93. Kd1 Qf1+ 94. Kc2 Qf5+ 95. Kc3 Qf3+ 96. Kb2 Qf2+ 97. Kb1
Qf5+ 98. Kc1 Qf1+ 99. Kd2 Qg2+ 100. Ke1 Qg1+ 101. Ke2 Qg2+ 102. Ke3 Qg3+ 103.
Kd2 Qg2+ 104. Kc3 Qf3+ 105. Kc2 Qf5+ 106. Kb2 Qf2+ 107. Kb1 Qf5+ 108. Ka1 Qf1+
109. Ka2 Qf2+ 110. Kb1 1/2-1/2

[Event "XXV OOM - Mistrzostwa Polski Juniorow Mlodszych - Dziewczeta do lat 14"]
[Site "Sielpia"]
[Date "1899-12-30"]
[Round "3.4"]
[White "Starosta, Martyna"]
[Black "Mroz, Lena"]
[Result "1-0"]
[WhiteTitle "WCM"]
[BlackTitle "I++"]
[WhiteElo "1672"]
[BlackElo "1573"]

1. e4 c5 2. Nf3 Nc6 3. d4 cxd4 4. Nxd4 Qb6 5. Nb3 Nf6 6. Nc3 e6 7. Be3 Qc7 8. a3
Be7 9. f4 d6 10. Bd3 a6 11. O-O b5 12. Qf3 Bb7 13. Qg3 O-O 14. Qh3 Rac8 15. Rae1
g6 16. f5 Qd7 17. g4 exf5 18. exf5 gxf5 19. Bxf5 Qc7 20. Nd5 1-0

[Event "XXV OOM - Mistrzostwa Polski Juniorow Mlodszych - Dziewczeta do lat 14"]
[Site "Sielpia"]
[Date "1899-12-30"]
[Round "3.5"]
[White "Kucharska, Helena"]
[Black "Hertlein, Irena"]
[Result "1-0"]
[WhiteTitle "I"]
[BlackTitle "I+"]
[WhiteElo "1385"]
[BlackElo "1713"]

1. d4 c5 2. Nf3 cxd4 3. Nxd4 Nf6 4. Nc3 g6 5. e4 Nc6 6. Nb3 Bg7 7. Be2 O-O 8. O-O
d6 9. Be3 a5 10. a4 Be6 11. f4 Rc8 12. Bf3 Nd7 13. Rb1 Nb6 14. f5 Nc4 15. Bc1
Bd7 16. Be2 Nb4 17. Kh1 Nxb2 18. Bxb2 Bxc3 19. fxg6 hxg6 20. Rf3 Bxb2 21. Rxb2
Kg7 22. Qd4+ f6 23. Rg3 Rh8 24. Qd2 Qc7 25. Nd4 d5 26. Qe3 dxe4 27. Rb3 Nxc2 28.
Qxe4 f5 29. Qxe7+ 1-0

[Event "XXV OOM - Mistrzostwa Polski Juniorow Mlodszych - Dziewczeta do lat 14"]
[Site "Sielpia"]
[Date "1899-12-30"]
[Round "3.6"]
[White "Barwinska, Ewa"]
[Black "Anyz, Monika"]
[Result "1-0"]
[WhiteTitle "I++"]
[BlackTitle "I+"]
[WhiteElo "1622"]
[BlackElo "1424"]

1. e4 c5 2. Nf3 d6 3. d4 cxd4 4. Nxd4 Nf6 5. Nc3 g6 6. f3 Bg7 7. Be3 Nc6 8. Qd2
O-O 9. g4 Bxg4 10. fxg4 Nxg4 11. Nxc6 bxc6 12. O-O-O Nxe3 13. Qxe3 Qa5 14. Bc4
Qb4 15. Bb3 a5 16. a3 Qb7 17. Na4 Rab8 18. Qd3 c5 19. Qd5 Qxd5 20. Bxd5 Be5 21.
Rdf1 e6 22. Bc4 Rfd8 23. Rd1 Rd7 24. b3 Kg7 25. Nxc5 Re7 26. Nd3 Bd4 27. Rhe1
Rc7 28. a4 Bf6 29. Bb5 Rbc8 30. Re2 Rb8 31. Nb2 Bg5+ 32. Kb1 Bf4 33. Nc4 Rd8 34.
Nxa5 Rdc8 35. Nc4 Rd8 36. Rf2 e5 37. Rxd6 Rb8 38. h3 h5 39. Rf1 Rc5 40. Rfd1 1-0

[Event "XXV OOM - Mistrzostwa Polski Juniorow Mlodszych - Dziewczeta do lat 14"]
[Site "Sielpia"]
[Date "1899-12-30"]
[Round "3.7"]
[White "Jedrzejko, Martyna"]
[Black "Kot, Marta"]
[Result "1-0"]
[WhiteTitle "I"]
[BlackTitle "II"]
[WhiteElo "1466"]
[BlackElo "1218"]

1. e4 e5 2. Nf3 Nc6 3. Bc4 Bc5 4. O-O Nf6 5. d3 h6 6. a4 a6 7. c3 d6 8. Nbd2 O-O
9. Re1 Ne7 10. Nf1 Ng6 11. Ng3 Re8 12. h3 Nh7 13. b4 Ba7 14. d4 Qf6 15. Nh5 Qe7
16. Qd2 Nf6 17. Nxg7 Kxg7 18. Qxh6+ Kg8 19. Qxg6+ Kh8 20. Qh6+ Kg8 21. Bg5 Qf8
22. Qxf6 Qg7 23. Qxg7+ Kxg7 24. dxe5 dxe5 25. Be3 Bb8 26. b5 a5 27. Rad1 f6 28.
Kf1 Rh8 29. Rd2 Ba7 30. Bxa7 Rxa7 31. Red1 b6 32. Rd8 Rxd8 33. Rxd8 Ra8 34. Bd5
Rb8 35. Nh4 Kh7 36. Nf5 c6 37. Bxc6 Bxf5 38. Rxb8 Be6 39. Bd5 Bd7 40. Rb7 Bc8
1-0

[Event "XXV OOM - Mistrzostwa Polski Juniorow Mlodszych - Dziewczeta do lat 14"]
[Site "Sielpia"]
[Date "1899-12-30"]
[Round "3.8"]
[White "Trybus, Dominika"]
[Black "Miranowska, Anna"]
[Result "1-0"]
[WhiteTitle "II+"]
[BlackTitle "I"]
[WhiteElo "1219"]
[BlackElo "1331"]

1. e4 c6 2. Nc3 d5 3. Qf3 Nf6 4. e5 Ng8 5. d4 Qb6 6. Nge2 e6 7. Nd1 Nd7 8. c3 Ne7
9. Ng3 Qc7 10. Bd3 c5 11. O-O Nc6 12. Be3 Qb6 13. Ne2 cxd4 14. cxd4 Nb4 15. Bb1
Qa5 16. Ndc3 a6 17. Qg4 g6 18. Qh4 Qd8 19. Qh3 Bg7 20. a3 Nc6 21. Bc2 O-O 22.
Bh6 Re8 23. f4 Qe7 24. Bg5 f6 25. Bh4 Qf7 26. g4 Rf8 27. f5 g5 28. fxe6 Qxe6 29.
Bxg5 h6 30. Nf4 Qf7 31. Bg6 Qe7 32. Ncxd5 Qd8 33. Bxh6 Bxh6 1-0

[Event "XXV OOM - Mistrzostwa Polski Juniorow Mlodszych - Dziewczeta do lat 14"]
[Site "Sielpia"]
[Date "1899-12-30"]
[Round "3.9"]
[White "Garbowska, Maja"]
[Black "Zabrzanska, Weronika"]
[Result "0-1"]
[WhiteTitle "I"]
[BlackTitle "I++"]
[WhiteElo "1293"]
[BlackElo "1763"]

1. e4 e5 2. Nf3 Nc6 3. Bc4 Bc5 4. c3 Nf6 5. d3 d6 6. Bb3 a6 7. O-O O-O 8. h3 h6
9. Nbd2 d5 10. Qe2 d4 11. Re1 Nh5 12. Nf1 Qf6 13. Nxd4 Nxd4 14. cxd4 Bxd4 15.
Be3 Nf4 16. Bxf4 Qxf4 17. Ng3 Qxg3 18. Kh1 Qxf2 19. Qxf2 Bxf2 20. Rf1 Bd4 21.
Rac1 c6 22. Rc2 Be6 23. Rf3 Bxb3 24. axb3 a5 25. Rf1 Ra6 26. Ra1 Rfa8 27. Ra4
Rb6 28. Ra3 Rb4 29. Re2 a4 30. bxa4 Raxa4 31. Rxa4 Rxa4 32. Kh2 Rb4 33. Kg3 Rxb2
34. Rxb2 Bxb2 35. Kf3 b5 36. Ke2 b4 37. Kd1 b3 38. g3 Kf8 39. g4 Ke7 40. Ke2 Kd6
41. Kd1 Kc5 42. Ke2 Kd4 43. Kd2 Ba3 44. h4 g6 45. g5 h5 46. Kd1 Kxe4 47. dxe4
0-1

[Event "XXV OOM - Mistrzostwa Polski Juniorow Mlodszych - Dziewczeta do lat 14"]
[Site "Sielpia"]
[Date "1899-12-30"]
[Round "3.10"]
[White "Lajdamik, Anna"]
[Black "Obrochta, Lena"]
[Result "1/2-1/2"]
[WhiteTitle "I"]
[BlackTitle "I+"]
[WhiteElo "1279"]
[BlackElo "1704"]

1. e4 e5 2. d4 d6 3. dxe5 dxe5 4. Qxd8+ Kxd8 5. Bc4 f6 6. Be3 c6 7. Nc3 b5 8. O-O-O
Kc7 9. Bb3 Nd7 10. a3 Nc5 11. Ba2 a5 12. f3 g6 13. Nge2 f5 14. exf5 gxf5 15. f4
b4 16. Nb1 Nf6 17. h3 Ba6 18. Ng3 Bh6 19. Nxf5 Bxf4 20. Bxf4 exf4 21. Nd2 Nce4
22. Nxe4 Nxe4 23. Rd4 Raf8 24. Rxe4 Rxf5 25. axb4 axb4 26. Rxb4 Re8 27. Ra4 Bb7
28. Rf1 Ref8 29. Re1 c5 30. Re7+ Kb8 31. Re2 Rg5 32. Rf2 Rgf5 33. Re2 Bc6 34.
Ra6 1/2-1/2

[Event "XXV OOM - Mistrzostwa Polski Juniorow Mlodszych - Dziewczeta do lat 14"]
[Site "Sielpia"]
[Date "1899-12-30"]
[Round "3.11"]
[White "Krzyzosiak, Anna"]
[Black "Grzyb, Anna"]
[Result "1-0"]
[WhiteTitle "I++"]
[BlackTitle "I"]
[WhiteElo "1528"]
[BlackElo "1266"]

1. e4 e6 2. d4 d5 3. Nd2 dxe4 4. Nxe4 Nd7 5. Nf3 Ngf6 6. Nxf6+ Nxf6 7. Be2 b6 8.
O-O Bb7 9. c3 c5 10. Bb5+ Ke7 11. Re1 cxd4 12. Nxd4 Qd5 13. f3 Rd8 14. Bf4 Nd7
15. c4 Qc5 16. b4 Qc8 17. Nf5+ Ke8 18. Nd6+ Bxd6 19. Qxd6 h6 20. Rxe6+ fxe6 21.
Qxe6+ Kf8 22. Bd6# 1-0

[Event "XXV OOM - Mistrzostwa Polski Juniorow Mlodszych - Dziewczeta do lat 14"]
[Site "Sielpia"]
[Date "1899-12-30"]
[Round "3.12"]
[White "Straczek, Wiktoria"]
[Black "Slusarczyk, Milena"]
[Result "1/2-1/2"]
[WhiteTitle "I"]
[BlackTitle "I+"]
[WhiteElo "1257"]
[BlackElo "1509"]

1. e4 c5 2. Nc3 Nc6 3. f4 g6 4. Nf3 Bg7 5. Bb5 Nd4 6. O-O Nxb5 7. Nxb5 d5 8. e5
d4 9. d3 a6 10. Na3 b5 11. Nb1 Nh6 12. Nbd2 O-O 13. Qe1 f6 14. h3 Qc7 15. g4 Nf7
16. exf6 exf6 17. Ne4 Bb7 18. Ng3 Rfe8 19. Qf2 Nd6 20. Bd2 Re7 21. Rae1 Rae8 22.
Kg2 Nc8 23. Rxe7 Rxe7 24. Re1 Nb6 25. f5 Kf7 26. Re2 Bf8 27. Qe1 Bd5 28. Kf2 Rxe2+
29. Qxe2 Bxa2 30. b3 c4 31. Qe6+ Kg7 32. Nxd4 Bc5 33. Be3 Bxd4 34. Bxd4 Qf4+ 35.
Ke2 Qxd4 36. Qe7+ Kg8 37. Qe8+ Kg7 38. Qe7+ Kg8 39. Qe8+ Kg7 40. Qe7+ Kg8 1/2-1/2

[Event "XXV OOM - Mistrzostwa Polski Juniorow Mlodszych - Dziewczeta do lat 14"]
[Site "Sielpia"]
[Date "1899-12-30"]
[Round "3.13"]
[White "Baran, Dagmara"]
[Black "Kieca, Aleksandra"]
[Result "0-1"]
[WhiteTitle "I"]
[BlackTitle "I"]
[WhiteElo "1244"]
[BlackElo "1475"]

1. e4 c5 2. Nf3 e6 3. g3 a6 4. Bg2 b5 5. c3 Bb7 6. Qe2 d6 7. d4 cxd4 8. cxd4 Nf6
9. Nbd2 Be7 10. O-O O-O 11. b3 Nc6 12. Bb2 Rc8 13. Rac1 Qd7 14. Rfe1 Rc7 15. a3
Rfc8 16. b4 h6 17. Red1 Na7 18. e5 Nd5 19. Rxc7 Rxc7 20. Ne4 Nb6 21. exd6 Bxd6
22. Nc5 Bxc5 23. dxc5 Nd5 24. Bh3 Nc6 25. Ne5 Qe8 26. Nxc6 Qxc6 27. Bg2 Rd7 28.
f3 a5 29. Bf1 Ba6 30. bxa5 Qxc5+ 31. Qf2 Qc7 32. Qd4 Nf6 33. Rc1 Qxc1 34. Qxd7
Qe3+ 35. Kg2 Nxd7 36. Ba1 Ne5 37. Bxe5 Qxe5 38. a4 Kf8 39. axb5 Bxb5 0-1

[Event "XXV OOM - Mistrzostwa Polski Juniorow Mlodszych - Dziewczeta do lat 14"]
[Site "Sielpia"]
[Date "1899-12-30"]
[Round "3.14"]
[White "Bychowska, Marta"]
[Black "Gaczol, Julia"]
[Result "0-1"]
[WhiteTitle "II"]
[BlackTitle "I"]
[WhiteElo "1235"]
[BlackElo "1394"]

1. e4 c5 2. Nc3 d6 3. f4 Nc6 4. Bb5 Bd7 5. Bxc6 Bxc6 6. Nf3 Nf6 7. d3 e6 8. O-O
Be7 9. e5 Nd5 10. Ne4 b6 11. a3 Nc7 12. exd6 Bxd6 13. Nxd6+ Qxd6 14. Ne5 Bb7 15.
Qh5 g6 16. Qe2 f6 17. Nc4 Qe7 18. b3 Nb5 19. Bb2 Nd4 20. Bxd4 cxd4 21. Rae1 Kf7
22. f5 gxf5 23. Rxf5 Raf8 24. Qh5+ Kg8 25. Rf4 Rf7 26. Rxd4 Rg7 27. Rg4 e5 28.
Rxg7+ Kxg7 29. Qg4+ Kf8 30. Qh4 Rg8 31. Qh6+ Ke8 32. Re2 Rg6 33. Qh5 Kd7 34. d4
Qg7 35. Qh3+ Kc7 36. dxe5 fxe5 37. Nxe5 Rg5 38. Qc3+ Kb8 39. Nc6+ Bxc6 40. Qxg7
Rxg7 41. g3 Kc7 42. Kf2 Rf7+ 43. Ke1 Kd6 44. Kd2 Kd5 45. g4 h6 46. c3 Kd6 47.
a4 a6 48. Kc2 b5 49. Rd2+ Ke5 50. Re2+ Be4+ 51. Kb2 Rf4 52. h3 Rf3 53. axb5 axb5
54. h4 Rg3 55. g5 hxg5 56. hxg5 Rxg5 57. c4 b4 58. Rh2 Kd4 59. Rd2+ Ke3 60. Rh2
Kd3 61. Rh3+ Kd4 62. Rh2 Rg1 63. Rd2+ Bd3 64. c5 Rb1+ 65. Ka2 Kc3 66. Rh2 Rxb3
67. c6 Ra3# 0-1

[Event "XXV OOM - Mistrzostwa Polski Juniorow Mlodszych - Dziewczeta do lat 14"]
[Site "Sielpia"]
[Date "1899-12-30"]
[Round "3.15"]
[White "Bukala, Weronika"]
[Black "Bugaj, Hanna"]
[Result "0-1"]
[WhiteTitle "I"]
[BlackTitle "I"]
[WhiteElo "1234"]
[BlackElo "1363"]

1. e4 c5 2. c3 d5 3. exd5 Qxd5 4. d4 Nc6 5. Nf3 e5 6. Bb5 cxd4 7. Bxc6+ bxc6 8.
O-O e4 9. Nxd4 Nf6 10. Bf4 Bc5 11. Re1 O-O 12. Qa4 Bd7 13. Nd2 Bxd4 14. Qxd4 Rfe8
15. Nb3 Nh5 16. Qxd5 cxd5 17. Be3 f5 18. Rad1 Nf6 19. Bg5 Kf7 20. Bxf6 Kxf6 21.
Rxd5 Be6 22. Rd6 Red8 23. Ra6 Ke7 24. Nd4 Rd6 25. Rxd6 Kxd6 26. Nxe6 Kxe6 27.
Rd1 Rc8 28. f4 h6 29. Kf2 g5 30. fxg5 hxg5 31. Rd4 Ke5 32. Rd7 a6 33. g3 Rh8 34.
Kg2 f4 35. Re7+ Kf5 36. g4+ Kxg4 37. Rxe4 Kf5 38. Ra4 g4 39. Rb4 f3+ 40. Kg1 Re8
41. Kf1 Re2 42. h3 g3 43. Rg4 g2+ 44. Kg1 Re1+ 45. Kf2 Rf1+ 46. Ke3 g1=Q+ 47.
Rxg1 Rxg1 48. Kxf3 Ra1 49. Ke3 Rxa2 50. Kd4 Rxb2 51. Kd5 Rd2+ 52. Kc5 Ke6 53.
c4 Rc2 54. h4 a5 55. h5 a4 56. h6 a3 57. h7 Rh2 58. Kb4 a2 59. c5 a1=Q 60. h8=Q
Qxh8 61. c6 Qb8+ 62. Kc3 Rh4 63. c7 Qxc7+ 64. Kb3 Qc4+ 65. Kb2 Rh2+ 66. Ka3 Ra2#
0-1

[Event "XXV OOM - Mistrzostwa Polski Juniorow Mlodszych - Dziewczeta do lat 14"]
[Site "Sielpia"]
[Date "1899-12-30"]
[Round "3.16"]
[White "Nowak, Roksana"]
[Black "Reszka, Zofia"]
[Result "1-0"]
[WhiteTitle "I"]
[BlackTitle "I"]
[WhiteElo "1356"]
[BlackElo "1199"]

1. f4 d5 2. Nf3 Bg4 3. e3 Nf6 4. b3 g6 5. h3 Bxf3 6. Qxf3 Bg7 7. Bb2 O-O 8. Be2
e6 9. O-O c5 10. g4 Nc6 11. g5 Ne8 12. Bxg7 Nxg7 13. a3 Rc8 14. d3 Nf5 15. Bd1
Qb6 16. Re1 Rfd8 17. Nd2 Nd6 18. h4 Kf8 19. h5 Nb5 20. Qh3 Ke7 21. h6 Kf8 22.
Nf3 Nc3 23. Ne5 Ke8 24. Ng4 Ke7 25. Nf6 Rh8 26. Bf3 Rcf8 27. Kh1 Kd8 28. e4 dxe4
29. dxe4 Qc7 30. Qg3 Kc8 31. Bg4 Kb8 32. Qxc3 b6 33. e5 Qb7 34. Bf3 Rc8 35. Rad1
Rc7 36. Rd2 Qc8 37. Bxc6 Rxc6 38. Red1 Rc7 39. Qf3 a5 40. Rd7 Rxd7 41. Rxd7 Qa6
42. Rxf7 Rd8 43. Nd7+ Rxd7 44. Rxd7 b5 45. Rxh7 Qc8 46. Rg7 1-0

[Event "XXV OOM - Mistrzostwa Polski Juniorow Mlodszych - Dziewczeta do lat 14"]
[Site "Sielpia"]
[Date "1899-12-30"]
[Round "3.17"]
[White "Pietrzak, Emilia"]
[Black "Olszewska, Wiktoria"]
[Result "1-0"]
[WhiteTitle "I"]
[BlackTitle "I"]
[WhiteElo "1230"]
[BlackElo "1306"]

1. e4 c5 2. Nf3 d6 3. Bb5+ Nd7 4. O-O Ngf6 5. Re1 a6 6. Bxd7+ Bxd7 7. c3 e6 8.
d4 cxd4 9. cxd4 Qc7 10. Bf4 Be7 11. Nc3 O-O 12. Qb3 b5 13. Rac1 Qb7 14. e5 dxe5
15. dxe5 Nd5 16. Nxd5 exd5 17. Re2 Bc6 18. Nd4 Rac8 19. Nxc6 Rxc6 20. Rxc6 Qxc6
21. Rc2 Qd7 22. Qc3 f6 23. h3 fxe5 24. Bxe5 Bf6 25. Bxf6 Rxf6 26. Qc8+ Qxc8 27.
Rxc8+ Kf7 28. Rc7+ Kg6 29. Rd7 Rc6 30. Rxd5 Kf7 31. Rd2 Ke7 32. Kf1 Re6 33. Re2
Rxe2 34. Kxe2 Ke6 35. Ke3 Ke5 36. f4+ Kd5 37. g4 a5 38. Kd3 g6 39. h4 h6 40. b3
b4 41. Ke3 Kd6 42. Kd4 Ke6 43. Kc5 Kd7 44. Kb5 Kc7 45. Kxa5 Kb7 46. Kxb4 1-0

[Event "XXV OOM - Mistrzostwa Polski Juniorow Mlodszych - Dziewczeta do lat 14"]
[Site "Sielpia"]
[Date "1899-12-30"]
[Round "3.18"]
[White "Skolska, Emilia"]
[Black "Pacho, Maria"]
[Result "1/2-1/2"]
[WhiteTitle "I"]
[BlackTitle "II"]
[WhiteElo "1300"]
[BlackElo "1166"]

1. e4 d6 2. d4 Nf6 3. Nc3 g6 4. Bf4 Bg7 5. Nf3 O-O 6. Be2 Nbd7 7. O-O c5 8. d5
Nb6 9. Qd2 Bd7 10. Rad1 Na4 11. Nxa4 Bxa4 12. e5 Ne8 13. b3 Bd7 14. exd6 Nxd6
15. Bxd6 exd6 16. Qf4 Qc7 17. Qh4 Qd8 18. Qg3 Qc7 19. Ng5 Rfe8 20. Bd3 b5 21.
c4 bxc4 22. bxc4 Rab8 23. Qf4 Ba4 24. Rb1 Qe7 25. Rbe1 Qd7 26. Ne4 Re5 27. Nf6+
Bxf6 28. Qxf6 Rbe8 29. Rxe5 Rxe5 30. f4 Re3 31. Bb1 Qe7 32. Qxe7 Rxe7 33. f5 gxf5
34. Bxf5 Re2 35. Rf2 Re3 36. Rf4 Re1+ 37. Rf1 Re2 38. Rf2 Re1+ 39. Rf1 1/2-1/2

[Event "XXV OOM - Mistrzostwa Polski Juniorow Mlodszych - Dziewczeta do lat 14"]
[Site "Sielpia"]
[Date "1899-12-30"]
[Round "3.19"]
[White "Maslewska, Anna"]
[Black "Hals, Emilia"]
[Result "1/2-1/2"]
[WhiteTitle "I"]
[BlackTitle "I"]
[WhiteElo "1117"]
[BlackElo "1293"]

1. e4 c6 2. Nf3 d5 3. exd5 cxd5 4. d4 Bg4 5. Nc3 Nc6 6. Bb5 e6 7. a3 Bd6 8. h3
Bh5 9. O-O Nf6 10. Re1 a6 11. Bxc6+ bxc6 12. Bg5 h6 13. Bh4 g5 14. Bg3 Bxg3 15.
fxg3 Qb8 16. g4 Qxb2 17. Na4 Qb5 18. c4 dxc4 19. gxh5 Nxh5 20. Re5 Qb7 21. Rc5
Nf4 22. Rxc4 Nd5 23. Qd3 O-O 24. Rac1 Rfc8 25. Ne5 Qb5 26. Rb1 Qa5 27. Nxc6 Qc7
28. Ne5 Qa5 29. Rxc8+ Rxc8 30. Nc5 Nf4 31. Qb3 Qd2 32. Qb2 Ne2+ 33. Kf1 Ng3+ 34.
Kg1 Ne2+ 35. Kf2 1/2-1/2